[Event "AUTO-OPEN-509"]
[Site "http://www.queenalice.com/game.php?id=151098"]
[Date "2007.1.7"]
[Round "1"]
[White "dmilan"]
[Black "MadScot"]
[Result "0-1"]
[WhiteElo "1465"]
[BlackElo "1814"]

1. e4 c5 2. Nc3 Nc6 3. Bc4 e6 4. Nf3 Nf6 5. e5 Ng4 6. O-O Ngxe5 7. Nxe5 Nxe5 8.
Nb5 Nxc4 9. d3 Nb6 10. Bf4 Nd5 11. Bg3 Qb6 12. c4 Be7 13. Qb3 d6 14. cxd5 exd5
15. Rae1 Be6 16. Nxd6+ Bxd6 17. Qxb6 axb6 18. Bxd6 Rxa2 19. Ra1 Rxa1 20. Rxa1
Kd7 21. Be5 f6 22. Bg3 Bf5 23. Ra3 Re8 24. Kf1 Kc6 25. h3 b5 26. b3 Bxd3+ 27.
Kg1 c4 28. bxc4 bxc4 29. f4 d4 30. Bf2 Re4 31. g3 c3 32. Ra1 Kc5 33. Rc1 Kc4 34.
Kg2 b5 35. Kf3 b4 36. h4 b3 37. Ra1 b2 38. Ra4+ Kc5 0-1

[Event "AUTO-INT-303"]
[Site "http://www.queenalice.com/game.php?id=151228"]
[Date "2007.1.7"]
[Round "1"]
[White "Mayaune"]
[Black "dmilan"]
[Result "1-0"]
[WhiteElo "1469"]
[BlackElo "1481"]

1. e4 e5 2. Bc4 Nf6 3. d3 Nc6 4. c3 Bc5 5. Bg5 O-O 6. Nf3 d6 7. Bd5 Na5 8. b4
Bxf2+ 9. Kf1 Bb6 10. bxa5 Bxa5 11. Qa4 Bb6 12. d4 Bd7 13. Bxf6 Bxa4 14. Bxd8
Raxd8 15. Bxb7 1-0

[Event "AUTO-INT-303"]
[Site "http://www.queenalice.com/game.php?id=151229"]
[Date "2007.1.7"]
[Round "1"]
[White "dmilan"]
[Black "Mayaune"]
[Result "0-1"]
[WhiteElo "1499"]
[BlackElo "1451"]

1. e4 e5 2. Nf3 Nc6 3. Bb5 Bc5 4. O-O Nd4 5. Nxe5 Nxb5 6. Qf3 Nf6 7. c4 Nd4 8.
Qd3 d6 9. Nf3 Nxf3+ 10. Qxf3 O-O 11. Nc3 Bg4 12. Qd3 Qe7 13. Nd5 Nxd5 14. Qxd5
c6 15. Qd3 Rad8 0-1

[Event "AUTO-INT-414"]
[Site "http://www.queenalice.com/game.php?id=196241"]
[Date "2007.4.13"]
[Round "1"]
[White "groo"]
[Black "dmilan"]
[Result "1/2-1/2"]
[WhiteElo "1507"]
[BlackElo "1458"]

1. e4 e5 2. Nf3 Nc6 3. Bc4 Nf6 4. Nc3 Bb4 5. O-O d6 6. Ng5 d5 7. exd5 Nxd5 8.
Bxd5 Qxg5 9. d3 Qg6 10. Nb5 Ba5 11. Bd2 Bb6 12. Bxc6+ bxc6 13. Nc3 Bh3 14. Qf3
Bg4 15. Qg3 Bf5 16. Qxe5+ Be6 17. Rfe1 O-O 18. Be3 Rfe8 19. Qg3 Qxg3 20. hxg3
Bxe3 21. Rxe3 c5 22. Nb5 Rec8 23. b3 a6 24. Nc3 g6 25. Ne4 c4 26. dxc4 Bf5 27.
Rae1 Kg7 28. f3 Bxe4 29. Rxe4 Rd8 30. Re7 Ra7 31. R1e2 Rd1+ 32. Kf2 Ra1 33. a4
h5 34. Re1 Rxe1 35. Rxe1 Kf6 36. Kg1 c5 37. c3 Rd7 38. b4 cxb4 39. cxb4 Rd4 40.
Rc1 Ke6 41. b5 axb5 42. axb5 Rd7 43. Kf2 Kd6 44. Rd1+ Kc7 45. Rxd7+ Kxd7 46. c5
Ke6 47. b6 Kd7 48. Ke3 Kc6 49. Kd4 f6 1/2-1/2

[Event "AUTO-INT-414"]
[Site "http://www.queenalice.com/game.php?id=196242"]
[Date "2007.4.13"]
[Round "1"]
[White "dmilan"]
[Black "groo"]
[Result "1/2-1/2"]
[WhiteElo "1463"]
[BlackElo "1441"]

1. e4 e5 2. Nf3 d6 3. d4 Nc6 4. dxe5 dxe5 5. Bb5 Bd7 6. Bxc6 Bxc6 7. Qxd8+ Rxd8
8. Nc3 Bb4 9. O-O Bxc3 10. bxc3 Bxe4 11. Re1 Bxf3 12. Rxe5+ Ne7 13. Ba3 Rd7 14.
gxf3 f6 15. Re2 Kf7 16. Rae1 Re8 1/2-1/2

[Event "AUTO-INT-414"]
[Site "http://www.queenalice.com/game.php?id=196257"]
[Date "2007.4.13"]
[Round "1"]
[White "jablonski"]
[Black "dmilan"]
[Result "1-0"]
[WhiteElo "1892"]
[BlackElo "1476"]

1. d4 d5 2. c4 dxc4 3. e4 e5 4. Nf3 exd4 5. Bxc4 Bc5 6. Ne5 Be6 7. Bxe6 fxe6 8.
Qh5+ g6 9. Nxg6 Nf6 10. Qh3 hxg6 11. Qxh8+ Kd7 12. Qg7+ Qe7 13. Qxg6 Nc6 14. Bg5
Qh7 15. Qxh7+ Nxh7 16. Bd2 Rd8 17. O-O Kc8 18. Rc1 Bd6 19. Rd1 Nf6 20. Bg5 Be7
21. Nd2 Nb4 22. Nf3 Nc6 23. Rd3 Nxe4 24. Bxe7 Nxe7 25. Rxd4 Rxd4 26. Nxd4 e5 27.
Nf3 Ng6 28. Re1 Nc5 29. Nxe5 1-0

[Event "AUTO-INT-414"]
[Site "http://www.queenalice.com/game.php?id=196258"]
[Date "2007.4.13"]
[Round "1"]
[White "dmilan"]
[Black "jablonski"]
[Result "0-1"]
[WhiteElo "1474"]
[BlackElo "1906"]

1. e4 e5 2. Nf3 Nf6 3. d4 Nxe4 4. dxe5 d5 5. Bd3 Nc6 6. O-O Be7 7. Bxe4 dxe4 8.
Qxd8+ Bxd8 9. Nfd2 Nd4 10. Na3 Be7 11. Ndc4 Be6 12. c3 Ne2+ 13. Kh1 b5 14. Nd2
Bxa3 15. bxa3 Nxc3 16. Bb2 Na4 17. Bd4 O-O-O 18. Be3 Rd3 19. Nxe4 Bd5 20. Nc5
Rxe3 21. fxe3 Nxc5 22. Rfd1 Bc4 23. Rd2 Re8 24. Rc2 Rxe5 25. a4 Nxa4 26. Re1 Nc5
27. h3 Nd3 28. Rg1 Nb4 29. Rd2 Rxe3 30. Rgd1 Nxa2 31. Rd8+ Kb7 32. Kh2 Nc3 33.
Rf1 Bxf1 0-1

[Event "AUTO-INT-414"]
[Site "http://www.queenalice.com/game.php?id=196267"]
[Date "2007.4.13"]
[Round "1"]
[White "mast"]
[Black "dmilan"]
[Result "1-0"]
[WhiteElo "1517"]
[BlackElo "1472"]

1. e4 e5 2. Bb5 c6 3. Bc4 Nf6 4. Nc3 Bb4 5. a3 Bxc3 6. dxc3 O-O 7. Bg5 h6 8.
Bxf6 Qxf6 9. Nf3 d6 10. h3 b5 11. Be2 Nd7 12. O-O Nc5 13. b4 Nxe4 14. Qd3 d5 15.
g3 Bxh3 16. Qe3 Bxf1 17. Kxf1 a5 18. Nh4 axb4 19. cxb4 Rfd8 20. Kg2 Ng5 21. c3
d4 22. cxd4 exd4 23. Qd3 Qe6 24. Nf5 Qd5+ 25. Kg1 Qe5 26. Nh4 Qe4 27. Qxe4 Nxe4
28. Bd3 Nc3 29. Nf3 Rac8 30. Rc1 Rc7 31. Nd2 Ra7 32. Ra1 Rc8 33. Nb3 f6 34. Nxd4
Rd7 35. Bf5 Rxd4 36. Bxc8 Kf7 37. Re1 Rd2 38. Bg4 Ra2 39. Be6+ Kg6 40. Bxa2 Nxa2
41. Re6 1-0

[Event "AUTO-INT-414"]
[Site "http://www.queenalice.com/game.php?id=196268"]
[Date "2007.4.13"]
[Round "1"]
[White "dmilan"]
[Black "mast"]
[Result "0-1"]
[WhiteElo "1460"]
[BlackElo "1446"]

1. e4 e5 2. Nf3 Nc6 3. Bb5 Qf6 4. Nc3 Nd4 5. Nd5 Qd6 6. c3 c6 7. cxd4 cxb5 8.
dxe5 Qc6 9. Nd4 Qc5 10. Nb3 Qc6 11. O-O Bc5 12. Na5 Bxf2+ 13. Rxf2 Qc5 14. Qf3
f6 15. exf6 Nxf6 16. Nxf6+ gxf6 17. Qf5 Qxf5 18. Rxf5 Ke7 19. d4 b6 20. Nb3 a6
21. Bh6 Kf7 22. e5 d6 23. Rxf6+ Ke7 24. Raf1 Be6 25. Bg5 Kd7 26. Nd2 Rag8 27.
Ne4 d5 28. Nd6 Rxg5 29. Rf7+ Bxf7 30. Nxf7 Rhg8 31. Nxg5 Rxg5 32. Rf7+ Kc6 33.
e6 Rg8 34. e7 Re8 35. Kf2 Kd7 36. Rxh7 Rxe7 37. Rxe7+ Kxe7 38. g4 Kf6 39. Kf3
Kg5 40. Kg3 Kg6 41. Kf4 Kf6 42. h4 b4 43. b3 Kg6 0-1